Kráľovská zelenina plodí zisky

Pestovanie špargle na Záhorí. Mimoriadne výsledky firmy Asparagus vo Veľkých Levároch. Náročné pestovanie tejto lahôdkovej zeleniny.

Na minha lista:
Detalhes bibliográficos
Autor principal: Zábojníková, M.
Formato: Capítulo de Livro
Idioma:eslovaco
Assuntos:
Tags: Adicionar Tag
Sem tags, seja o primeiro a adicionar uma tag!

MARC

LEADER 00000naa a2200000 4500
001 r026558
005 20230824090253.1
041 0 |a slo 
044 |a SK 
245 1 0 |a Kráľovská zelenina plodí zisky  |c M. Zábojníková 
520 |a Pestovanie špargle na Záhorí. Mimoriadne výsledky firmy Asparagus vo Veľkých Levároch. Náročné pestovanie tejto lahôdkovej zeleniny. 
610 2 0 |a Slovensko 
610 2 0 |a Záhorie 
610 2 0 |a 1997 
610 2 0 |a zelenina 
610 2 0 |a poľnohospodárstvo 
610 2 0 |a Asparagus, s.r.o. Veľké Leváre 
100 1 |a Zábojníková, M.